Loading...

The Djinn in the nightingale's eye : five fairy stories /

Bibliographic Details
Main Author: Byatt, A. S. (Antonia Susan), 1936-
Format: Printed Book
Language:English
Published: London : Chatto & Windus, 1994.
Subjects:
Online Access:http://www.loc.gov/catdir/bios/random057/95119744.html
http://www.loc.gov/catdir/description/random047/95119744.html
LEADER 01165nam a22002417a 4500
008 211106b |||||||| |||| 00| 0 eng d
020 |a 0099521318 
041 |a eng 
100 1 |a Byatt, A. S.  |q (Antonia Susan),  |d 1936- 
245 1 4 |a The Djinn in the nightingale's eye :  |b five fairy stories /  |c A.S. Byatt. 
260 |a London :  |b Chatto & Windus,  |c 1994. 
300 |a 280 p. ;  |b ill. ;  |c 18 cm. 
505 0 |a The glass coffin -- Gode's story -- The story of the eldest princess -- Dragon's breath -- The Djinn in the nightingale's eye. 
650 7 |2 fast  |9 985416  |a Fantasy fiction, English 
650 7 |2 fast  |9 975687  |a English fiction 
650 7 |2 fast  |9 984639  |a Fairy tales in literature 
856 4 2 |u http://www.loc.gov/catdir/bios/random057/95119744.html 
856 4 2 |u http://www.loc.gov/catdir/description/random047/95119744.html 
906 |a 7  |b cbc  |c nccpada  |d 2  |e ncip  |f 19  |g y-gencatlg 
942 |c BK 
955 |a CtY 02-23-95; rb07 06-13-96; RC03 10-8-96; yh80 11-13-96 to DDC 11-13-96 
999 |c 363234  |d 363234 
952 |0 0  |1 0  |2 ddc  |4 0  |7 3  |9 422904  |a UL  |b UL  |c PROC  |d 2021-11-06  |e Donation -I.G.Bhaskara Panikker Family  |g 270.00  |l 0  |p G15566  |r 2021-11-06  |v 270.00  |w 2021-11-06  |y BK